Amtrak Train or Roller Coaster? Quiz Stats

Quiz Updated Sep 27, 2015

Also try: Cake or Death?
Challenge
Share
Tweet
Embed
Score 0/25 Timer 04:00
0 Plays Today
Ride Name Train or Roller Coaster % Correct
Downeaster???
84%
Texas Giant???
83.4%
Adirondack???
80.6%
Palmetto???
80%
Piedmont???
76.8%
Raging Bull???
76.8%
Tennessee Tornado???
75.9%
Apollo's Chariot???
74.9%
El Toro???
74.3%
Crescent???
73%
Hiawatha???
72.2%
Heartland Flyer???
71.5%
Maple Leaf???
69.7%
Ride Name Train or Roller Coaster % Correct
Maverick???
68.7%
The Voyage???
68.4%
Boulder Dash???
68.3%
California Zephyr???
65.6%
Saluki???
64.3%
Blue Water???
63.5%
Kentucky Rumbler???
63.4%
Texas Eagle???
63.1%
Silver Meteor???
60.7%
Diamondback???
57.8%
Cornball Express???
55.2%
American Eagle???
51%

You're not logged in!

Compare scores with friends on all Sporcle quizzes.
Sign Up with Email
OR
Log In

You Might Also Like...

Show Comments

Extras

Top Quizzes Today


Score Distribution

Your Account Isn't Verified!

In order to create a playlist on Sporcle, you need to verify the email address you used during registration. Go to your Sporcle Settings to finish the process.